000
00276nam a2200097Ia 4500
008
240331s9999 xx 000 0 und d
082
_b
PAN
100
_a
Panikkar, K.N
245
0
_a
Culture,ideology,hegemony :
_b
intellectuals and social consciousness in colonial India
942
_c
L
999
_c
2104
_d
2104